MDQL
is popping MORE tags! Check the
thread
!
Quizzes
Events
Quiz Creation
Community
Videos
Private Events
Remove Ads
Sign In
Join for FREE
Feedback
Dark Mode
Quiz Categories
Sports
Geography
Music
Movies
Television
Just For Fun
Miscellaneous
History
Literature
Language
Science
Gaming
Entertainment
Religion
Holiday
For Kids
Quiz Lab
Recent
Popular Today
Quiz Kudos Today
Editor Picks
Curator Picks
Quizzes by...
Day
Popularity
Type
Ratings
Length
Year
Community
Subscriptions
Recent Discussions
Orange Saloon
Badges
Playlists
Quests
Create
Leaderboards
Showdown
Live 5
Trivia Bingo
Activity
Puzzle Library
Sporcle Events
Private Events
Virtual Trivia
Globe League
Become a Host
Pub Owners
SporcleCon
Opinionation
Our Games
Videos
Blog
Mobile Apps
Partnerships
Remove Ads and Go Orange
Feedback
Geography
Country
Landmarks
City
State
Population
World
Capital
Continent
Flags
Europe
Africa
Asia
South America
North America
Oceania
Border
Canada
United Kingdom
Topography
United States
Geography
Country
Landmarks
City
State
Population
World
Capital
Continent
Flags
Europe
Africa
Asia
South America
North America
Oceania
Border
Canada
United Kingdom
Topography
United States
Random Quiz
Search Sporcle
×
Quiz Lab
Quiz Lab
Geography
Europe
Type in answers that appear in a list
Type in answers that appear in a list
Classic
Best Score? Go Orange.
Anagramic countries of europe Stats
Unscramble the letters to work out the country's
By
JJAFC14
7m
47 Questions
94 Plays
94 Plays
94 Plays
Comments
Comments
Give Quiz Kudos
Give Quiz Kudos
-
- Ratings
hide this ad
Forced Order
Answers have to be entered in order
Answers have to be entered in order
Random Order
Randomize order of answers
Randomize order of answers
Replay
Link that replays current quiz
Next Quiz
Link to next quiz in quiz playlist
You Got
0%
They Got
Avg Score
70%
Avg Friend Score
Upgrade to see
Score Distribution
Jump to the score distribution portion of the page
Score
0/47
Timer
07:00
0
Plays Today
anagram
country
% Correct
LEGIBUM
belgium
88.2%
LATAM
malta
88.2%
EWSNED
sweden
83.9%
NAPIS
spain
82.8%
CEFRAN
france
81.7%
DOMLOVA
moldova
81.7%
NILFNAD
finland
80.6%
EEGREC
greece
80.6%
YORNAW
norway
80.6%
OKO OVS
kosovo
80.6%
OMONAC
monaco
79.6%
YERGNAM
germany
78.5%
LARGABUI
bulgaria
77.4%
GUNRAHY
hungary
77.4%
LIYTA
italy
77.4%
SRY CUP
cyprus
76.3%
VATILA
latvia
76.3%
METGENRONO
montenegro
75.3%
LODNAP
poland
75.3%
TIC VAN TIC YA
vatican city
74.2%
RYU KET
turkey
73.1%
PUBIC LECHCREZ
czech republic
72%
IANAMRO
romania
72%
TRISAUA
austria
71%
anagram
country
% Correct
KRIUNAE
ukraine
69.9%
BIANALA
albania
67.7%
MANKRED
denmark
67.7%
NAUTHALII
lithuania
67.7%
BRO MULE GUX
luxembourg
67.7%
TURGLOPA
portugal
66.7%
GEZ REHBIV NAOSIDANANO
bosnia and herzegovina
65.6%
SUARIS
russia
65.6%
BRAIES
serbia
65.6%
SURE LAB
belarus
63.4%
RODRANA
andorra
62.4%
TENCH LIES TINE
liechtenstein
62.4%
HERDANLSTEN
netherlands
62.4%
KAVILO AS
slovakia
62.4%
TAZER IN WLDS
switzerland
62.4%
NOTSAIE
estonia
61.3%
DALECIN
iceland
61.3%
LIEDRAN
ireland
61.3%
NEVILO SA
slovenia
61.3%
NO DICE MAA
macedonia
59.1%
DOG TIN NUKED IM
united kingdom
57%
AIR TACO
croatia
55.9%
RAASNI NOM
san marino
46.2%
Quiz Playlist
Details
Report
Send in Message
Add To Playlist
Classic:
Type in answers that appear in a list
Forced Order:
Answers have to be entered in order
Random Order:
Randomize order of answers
Last Updated: Feb 16, 2017
Quiz Scoreboard
CHALLENGE
Sign Up to Join the Scoreboard
Show All
Scores
Hide
Comments
May contain spoilers
Recently Published
1-10 Letter E Words III
by El_Dandy
Language
2m
Street Fighter Characters
by Artimus82
Gaming
60s
College Basketball Coaching Resumes
by pancakes188
Sports
9m
More to Explore
Quiz From the Vault
Featured Blog Post
Where Did the Easter Bunny Come From?
hide this ad
You Might Also Like...
Tags
Country Quiz
Europe Quiz
Letter Quiz
Today's Top Quizzes in Geography
Browse Geography
hide this ad
Today's Top Quizzes in Europe
Browse Europe
Top Contributed Quizzes in Geography
1
Countries of the World - No Outlines Minefield
2
Top 25 Cities of France on a map
3
Any capital of a 'B' country per Continent
4
Any capital of a 'C' country per Continent
5
Closest Countries to UK A-Z
6
Any capital of a 'D' country per Continent
7
5-to-1: US Geography No Hints
8
Any capital of an 'E' country per Continent
9
Find the US States - No Outlines
10
Any capital of an 'F' country per Continent
Explore More
Trending Topics
Crossword
NBA
Anime
Disney
Marvel
Kpop
Harry Potter
Pokémon
Puzzle
NFL
WWE
The Office
Country
Soccer
Song
hide this ad
More By:
JJAFC14
Quiz
Plays
Rating
Category
Featured
Created
Follow That Line: Twilight New Moon
2,933
2.89
Movies
Mar 14, 2013
Follow That Line: Twilight
2,582
3.29
Movies
Mar 14, 2013
The Ultimate Twilight Character Quiz
421
4.00
Movies
Mar 17, 2013
Slytherin
292
4.00
Movies
Mar 9, 2013
Ravenclaw
187
1.50
Movies
Mar 9, 2013
Go to Creator's Profile
Score Distribution
Quiz Creator Spotlight
JJAFC14
Follow
Send a Message
Quizzes Created
-
Created Quiz Play Count
-
More By This Creator
Popular Quizzes Today
1
Find the US States - No Outlines Minefield
2
Find the Countries of Europe - No Outlines Minefield
3
The Countries of the World
4
Find the US States
5
Risky Map Clicking: Biggest States A-Z
6
US States
7
Popular People in 1961
8
Movies - When Are They Set?
More Geography Quizzes
'OQYZ' Countries on a Map
Published
Trending Quizzes
Risky Map Clicking: Least Populous States A-Z
1-10 Letter G Words
USA Borders Longest to Shortest
1-10 Letter F Words
Countries of the World: 200 Million BC
Recently Updated
Leaping Animals
pecheneg
Reality TV Shows (A-Z)
bhenderson79
Rickey Henderson's Hall of Fame Teammates
pecheneg
Champions League XIs: Arsenal
pecheneg
Quick Pick: Celebrities in WWE's Hall of Fame
aduchscher
A-Z Keypad Blitz II
pecheneg
Multiple Oscar Actors
pecheneg
Mystery Phrase Blitz: Oscar 'Best Actors'
pecheneg
F. Scott Fitzgerald Novels
LTH
Pick 3 Villains
ddd62291
Trending Topics
Disney
Crossword
Kpop
NBA
Marvel
Anime
Harry Potter
Pokémon
WWE
Country
Song
Puzzle
NFL
The Office
Soccer
Your Account Isn't Verified!
In order to create a playlist on Sporcle, you need to verify the email address you used during registration. Go to your
Sporcle Settings
to finish the process.
Report this User
Report this user for behavior that violates our
Community Guidelines
.
Details:
Send Report
Go to the Sporcle.com Mobile Site →
Comments